[Event "Quebec-ch"]
[Site "Montreal CAN"]
[Date "2025.08.17"]
[Round "5.3"]
[White "Sambuev, Bator"]
[Black "Zheng, Richard"]
[Result "1-0"]
[WhiteElo "2414"]
[BlackElo "2291"]
[WhiteFideId "-1"]
[WhiteFideId "-1"]
[PlyCount "109"]
[GameId "2214873076054062"]
[EventDate "2025.08.15"]
[EventType "tourn"]
[EventRounds "9"]
[EventCountry "CAN"]
[EventCategory "2"]
[SourceTitle "The Week in Chess 1607"]
[Source "Mark Crowther"]
[SourceDate "2025.08.25"]
[SourceVersion "1"]
[SourceVersionDate "2025.08.25"]
[SourceQuality "2"]

1. d4 d5 2. c4 c6 3. Nf3 Nf6 4. e3 e6 5. Nbd2 Nbd7 6. Bd3 Be7 7. O-O O-O 8. Qe2 c5 9. b3 b6 10. Bb2 Bb7 11. Rfd1 cxd4 12. Nxd4 Nc5 13. Bc2 dxc4 14. Nxc4 Qd5 15. f3 Qh5 16. b4 Ncd7 17. Ba4 Rad8 18. a3 Nd5 19. Bc6 Ba8 20. Bxa8 Rxa8 21. Nc6 Bf6 22. Bxf6 N7xf6 23. Rac1 Qg5 24. e4 Nf4 25. Qd2 N6h5 26. Nd6 h6 27. Rc2 Kh7 28. Qe1 Ng6 29. e5 f6 30. exf6 Qxf6 31. Ne4 Qf7 32. Rcd2 Qf4 33. Rd4 e5 34. Rd6 Nh4 35. Qe2 Rac8 36. b5 Rc7 37. Nc3 Qg5 38. Ne4 Qf5 39. Ng3 Nf4 40. Qc4 Qg5 41. Qe4+ Kg8 42. R6d2 Re8 43. Kh1 Rf7 44. Qc4 Ne6 45. Ne4 Qh5 46. Rf1 Rf4 47. Rd8 Rff8 48. Rxe8 Rxe8 49. Nd6 Qg6 50. g3 Nf5 51. Nxe8 Qxe8 52. Re1 Kh8 53. Rxe5 Qf7 54. Qxe6 Kh7 55. Kg1 1-0

[Event "Quebec-ch"]
[Site "Montreal CAN"]
[Date "2025.08.17"]
[Round "5.4"]
[White "Ouellet, Maili-Jade"]
[Black "Duong, Thanh Nha"]
[Result "1-0"]
[WhiteElo "2331"]
[BlackElo "2154"]
[WhiteFideId "-1"]
[WhiteFideId "-1"]
[PlyCount "81"]
[GameId "2214873076054063"]
[EventDate "2025.08.15"]
[EventType "tourn"]
[EventRounds "9"]
[EventCountry "CAN"]
[EventCategory "2"]
[SourceTitle "The Week in Chess 1607"]
[Source "Mark Crowther"]
[SourceDate "2025.08.25"]
[SourceVersion "1"]
[SourceVersionDate "2025.08.25"]
[SourceQuality "2"]

1. d4 Nf6 2. c4 e6 3. Nc3 d5 4. cxd5 Nxd5 5. e4 Nxc3 6. bxc3 c5 7. Rb1 cxd4 8. cxd4 Be7 9. Bb5+ Nd7 10. Qg4 g6 11. Nf3 O-O 12. e5 a6 13. Bd3 f5 14. Qf4 Nb6 15. h4 Rf7 16. h5 g5 17. Nxg5 Rg7 18. Nf3 Rxg2 19. Kf1 Rg4 20. Rg1 Rxg1+ 21. Kxg1 Nd5 22. Qg3+ Kh8 23. Bh6 Bf8 24. Ng5 Qe8 25. Bxf8 Qxf8 26. h6 b5 27. Be2 Ra7 28. Rc1 Re7 29. Rc6 Bd7 30. Rxa6 Qc8 31. Ra7 Qf8 32. Bh5 Be8 33. Rxe7 Nxe7 34. Bxe8 Qxe8 35. Nxe6 Ng6 36. d5 Qc8 37. Qg5 Kg8 38. Kh2 Qd7 39. Qf6 b4 40. d6 f4 41. f3 1-0

[Event "Quebec-ch"]
[Site "Montreal CAN"]
[Date "2025.08.17"]
[Round "5.5"]
[White "Lesiege, Alexandre"]
[Black "Chiku-Ratte, Olivier-Kenta"]
[Result "1/2-1/2"]
[WhiteElo "2478"]
[BlackElo "2309"]
[WhiteFideId "-1"]
[WhiteFideId "-1"]
[PlyCount "26"]
[GameId "2214873076058160"]
[EventDate "2025.08.15"]
[EventType "tourn"]
[EventRounds "9"]
[EventCountry "CAN"]
[EventCategory "2"]
[SourceTitle "The Week in Chess 1607"]
[Source "Mark Crowther"]
[SourceDate "2025.08.25"]
[SourceVersion "1"]
[SourceVersionDate "2025.08.25"]
[SourceQuality "2"]

1. e4 c5 2. Nf3 e6 3. d4 cxd4 4. Nxd4 Nf6 5. Nc3 Nc6 6. Nxc6 bxc6 7. e5 Nd5 8. Ne4 Nf6 9. Nc3 Nd5 10. Ne4 Bb7 11. c4 Nb4 12. Bd2 c5 13. Bxb4 cxb4 1/2-1/2

[Event "Quebec-ch"]
[Site "Montreal CAN"]
[Date "2025.08.18"]
[Round "6.2"]
[White "Duong, Thanh Nha"]
[Black "Lesiege, Alexandre"]
[Result "0-1"]
[WhiteElo "2154"]
[BlackElo "2478"]
[WhiteFideId "-1"]
[WhiteFideId "-1"]
[PlyCount "71"]
[GameId "2214873076058162"]
[EventDate "2025.08.15"]
[EventType "tourn"]
[EventRounds "9"]
[EventCountry "CAN"]
[EventCategory "2"]
[SourceTitle "The Week in Chess 1607"]
[Source "Mark Crowther"]
[SourceDate "2025.08.25"]
[SourceVersion "1"]
[SourceVersionDate "2025.08.25"]
[SourceQuality "2"]

1. e4 c5 2. Nf3 d6 3. g3 g6 4. Bg2 Bg7 5. O-O Nc6 6. c3 e5 7. d3 Nge7 8. a3 O-O 9. b4 b6 10. Be3 h6 11. Qd2 Kh7 12. b5 Na5 13. Ra2 c4 14. d4 Qc7 15. Rd1 Nb3 16. Qe2 a6 17. a4 axb5 18. axb5 Be6 19. d5 Bd7 20. Rb2 Ra5 21. Nbd2 Bxb5 22. Bf1 Rc8 23. Qe1 f5 24. Nxb3 cxb3 25. Rxb3 Bxf1 26. Qxf1 fxe4 27. Bxb6 Qb7 28. Rdb1 Rxd5 29. Ng5+ hxg5 30. Qh3+ Bh6 31. Bd8 Rd1+ 32. Kg2 Qd5 33. Qd7 e3+ 34. Kh3 exf2 35. Qe6 Qb7 36. Bb6 0-1

[Event "Quebec-ch"]
[Site "Montreal CAN"]
[Date "2025.08.18"]
[Round "6.3"]
[White "Zheng, Richard"]
[Black "Ouellet, Maili-Jade"]
[Result "0-1"]
[WhiteElo "2291"]
[BlackElo "2331"]
[WhiteFideId "-1"]
[WhiteFideId "-1"]
[PlyCount "164"]
[GameId "2214873076058163"]
[EventDate "2025.08.15"]
[EventType "tourn"]
[EventRounds "9"]
[EventCountry "CAN"]
[EventCategory "2"]
[SourceTitle "The Week in Chess 1607"]
[Source "Mark Crowther"]
[SourceDate "2025.08.25"]
[SourceVersion "1"]
[SourceVersionDate "2025.08.25"]
[SourceQuality "2"]

1. Nf3 d5 2. e3 Nf6 3. c4 e6 4. Nc3 b6 5. b3 Bb7 6. Bb2 Nbd7 7. Qc2 a6 8. Be2 c5 9. O-O Rc8 10. Rfd1 Bd6 11. cxd5 exd5 12. d4 O-O 13. dxc5 bxc5 14. Qf5 Re8 15. Nxd5 Bxd5 16. Rxd5 Nxd5 17. Qxd5 Nf6 18. Qd3 Rc6 19. Rd1 Qe7 20. Qc3 Bc7 21. Bc4 Rd8 22. Rxd8+ Qxd8 23. g3 h6 24. e4 Qf8 25. e5 Nd7 26. Qd3 Qe7 27. Qf5 Nf8 28. Kg2 Rb6 29. Bc3 Rb8 30. g4 Ne6 31. h4 Bd8 32. Qe4 a5 33. Kg3 Bc7 34. Bd3 Nf8 35. g5 h5 36. Bc4 g6 37. Ne1 Re8 38. Nd3 Ne6 39. f4 Kh7 40. f5 Nd4 41. Bxd4 cxd4 42. Kf4 Qd7 43. a4 Re7 44. Bb5 Qc8 45. Bc4 Bb8 46. Bd5 Qc2 47. Qxd4 Bxe5+ 48. Nxe5 Qxf5+ 49. Kg3 Rxe5 50. Bf3 Re7 51. b4 axb4 52. Qxb4 Qe5+ 53. Qf4 Qe1+ 54. Kg2 Rd7 55. Kh3 Ra7 56. Kg2 Qa5 57. Bc6 Qc5 58. Bb5 Qc2+ 59. Qf2 Qe4+ 60. Kh3 Rc7 61. Be2 Qxa4 62. Qf6 Qd7+ 63. Kg3 Rc6 64. Qf4 Qa7 65. Kg2 Rc2 66. Kf1 Rb2 67. Qe4 Qc7 68. Qd4 Rb1+ 69. Kg2 Qb7+ 70. Bf3 Qb2+ 71. Qxb2 Rxb2+ 72. Kg3 Kg7 73. Bd5 Rb4 74. Bc6 Kf8 75. Bd5 Ke7 76. Bc6 Ke6 77. Be8 Rb3+ 78. Kg2 Rb8 79. Bc6 Kf5 80. Bd5 Kg4 81. Bxf7 Rb2+ 82. Kf1 Rb6 0-1

[Event "Quebec-ch"]
[Site "Montreal CAN"]
[Date "2025.08.18"]
[Round "6.4"]
[White "Latorre, Vincent"]
[Black "Sambuev, Bator"]
[Result "0-1"]
[WhiteElo "2337"]
[BlackElo "2414"]
[WhiteFideId "-1"]
[WhiteFideId "-1"]
[PlyCount "117"]
[GameId "2214873076058164"]
[EventDate "2025.08.15"]
[EventType "tourn"]
[EventRounds "9"]
[EventCountry "CAN"]
[EventCategory "2"]
[SourceTitle "The Week in Chess 1607"]
[Source "Mark Crowther"]
[SourceDate "2025.08.25"]
[SourceVersion "1"]
[SourceVersionDate "2025.08.25"]
[SourceQuality "2"]

1. e4 e5 2. Nf3 Nc6 3. Bb5 a6 4. Ba4 d6 5. O-O Bd7 6. c4 Nf6 7. Re1 Be7 8. Bxc6 Bxc6 9. Nc3 O-O 10. d4 Re8 11. Qc2 exd4 12. Nxd4 Ng4 13. h3 Ne5 14. Nd5 Bd7 15. Be3 Bh4 16. Rad1 c6 17. Nf4 Qe7 18. Nb3 Rad8 19. c5 dxc5 20. Nxc5 Bc8 21. a4 b6 22. Nb3 g6 23. Kh1 Qb4 24. Bd4 Qc4 25. Qxc4 Nxc4 26. Kg1 Bg5 27. Nd3 c5 28. Bc3 a5 29. Nbc1 h5 30. e5 Bf5 31. f4 Bh4 32. Nf2 Rxd1 33. Rxd1 Ne3 34. Rd2 Rd8 35. Rxd8+ Bxd8 36. Bd2 Nc4 37. Bc3 h4 38. Kf1 Ne3+ 39. Ke2 Nd5 40. Bd2 c4 41. Kf3 Bc2 42. Ne4 Bxa4 43. Nd6 Bc6 44. Nxc4 a4 45. Kg4 b5 46. Na5 f5+ 47. Kf3 Ba8 48. Nd3 Nb4+ 49. Ke2 Nxd3 50. Kxd3 Bxg2 51. Be1 Kf7 52. Kd4 Bb6+ 53. Kd3 Ke6 54. b4 Bd5 55. Bxh4 a3 56. Be1 a2 57. Bc3 Bf2 58. Ba1 Bg3 59. Kd4 0-1

[Event "Quebec-ch"]
[Site "Montreal CAN"]
[Date "2025.08.18"]
[Round "6.5"]
[White "Lamontagne, Damien"]
[Black "Sai, Krishna GV"]
[Result "1/2-1/2"]
[WhiteElo "1845"]
[BlackElo "2390"]
[WhiteFideId "-1"]
[WhiteFideId "-1"]
[PlyCount "28"]
[GameId "2214873076058165"]
[EventDate "2025.08.15"]
[EventType "tourn"]
[EventRounds "9"]
[EventCountry "CAN"]
[EventCategory "2"]
[SourceTitle "The Week in Chess 1607"]
[Source "Mark Crowther"]
[SourceDate "2025.08.25"]
[SourceVersion "1"]
[SourceVersionDate "2025.08.25"]
[SourceQuality "2"]

1. e4 e5 2. Nf3 Nc6 3. Nc3 Nf6 4. d4 exd4 5. Nxd4 Nxe4 6. Nxc6 Nxc3 7. Nxd8 Nxd1 8. Nxf7 Kxf7 9. Bc4+ Kf6 10. h4 Nxf2 11. Kxf2 d5 12. Bxd5 Bc5+ 13. Kg3 Bd6+ 14. Bf4 Bxf4+ 1/2-1/2

[Event "Quebec-ch"]
[Site "Montreal CAN"]
[Date "2025.08.19"]
[Round "7.1"]
[White "Sai, Krishna GV"]
[Black "Migot, Tangi"]
[Result "1-0"]
[WhiteElo "2390"]
[BlackElo "2344"]
[WhiteFideId "-1"]
[WhiteFideId "-1"]
[PlyCount "83"]
[GameId "2214873076058166"]
[EventDate "2025.08.15"]
[EventType "tourn"]
[EventRounds "9"]
[EventCountry "CAN"]
[EventCategory "2"]
[SourceTitle "The Week in Chess 1607"]
[Source "Mark Crowther"]
[SourceDate "2025.08.25"]
[SourceVersion "1"]
[SourceVersionDate "2025.08.25"]
[SourceQuality "2"]

1. e4 e5 2. Nf3 Nc6 3. Bb5 a6 4. Ba4 Nf6 5. O-O Be7 6. Re1 b5 7. Bb3 d6 8. c3 O-O 9. h3 Nb8 10. d4 Nbd7 11. Nbd2 Bb7 12. Bc2 Re8 13. Nf1 Bf8 14. Ng3 a5 15. Bg5 h6 16. Bd2 a4 17. Bd3 c6 18. Nh2 Qb6 19. Nf5 d5 20. Ng4 dxe4 21. dxe5 Qc5 22. Bxe4 Nxe4 23. Rxe4 Bc8 24. Qf3 Qd5 25. Bxh6 gxh6 26. Rd1 Qe6 27. Rxd7 Bxd7 28. Nf6+ Qxf6 29. exf6 Rxe4 30. Qxe4 Re8 31. Ne7+ Bxe7 32. fxe7 f5 33. Qh4 Kf7 34. Qxh6 Rxe7 35. h4 Kg8 36. h5 Rg7 37. Qf6 Rf7 38. Qd8+ Kh7 39. Qg5 Rg7 40. Qf6 Kg8 41. h6 Rf7 42. Qg6+ 1-0

[Event "Quebec-ch"]
[Site "Montreal CAN"]
[Date "2025.08.19"]
[Round "7.2"]
[White "Sambuev, Bator"]
[Black "Lamontagne, Damien"]
[Result "1-0"]
[WhiteElo "2414"]
[BlackElo "1845"]
[WhiteFideId "-1"]
[WhiteFideId "-1"]
[PlyCount "55"]
[GameId "2214873076058167"]
[EventDate "2025.08.15"]
[EventType "tourn"]
[EventRounds "9"]
[EventCountry "CAN"]
[EventCategory "2"]
[SourceTitle "The Week in Chess 1607"]
[Source "Mark Crowther"]
[SourceDate "2025.08.25"]
[SourceVersion "1"]
[SourceVersionDate "2025.08.25"]
[SourceQuality "2"]

1. d4 Nf6 2. c4 e6 3. Nc3 Bb4 4. e3 O-O 5. Bd2 c5 6. a3 Bxc3 7. Bxc3 cxd4 8. Qxd4 d5 9. cxd5 Qxd5 10. Qh4 Nbd7 11. Rd1 Qe4 12. Qg3 Qg6 13. Bd3 Qxg3 14. hxg3 h6 15. Rh4 b6 16. Bb5 Nd5 17. Bc6 Rb8 18. Bd4 Rd8 19. Nf3 Bb7 20. Ba4 Rbc8 21. b4 Bc6 22. Bb3 N5f6 23. Bb2 Bd5 24. Ba4 a6 25. e4 Bc4 26. Bxf6 Nxf6 27. Rxd8+ Rxd8 28. e5 1-0

[Event "Quebec-ch"]
[Site "Montreal CAN"]
[Date "2025.08.19"]
[Round "7.3"]
[White "Ouellet, Maili-Jade"]
[Black "Latorre, Vincent"]
[Result "1/2-1/2"]
[WhiteElo "2331"]
[BlackElo "2337"]
[WhiteFideId "-1"]
[WhiteFideId "-1"]
[PlyCount "125"]
[GameId "2214873076058168"]
[EventDate "2025.08.15"]
[EventType "tourn"]
[EventRounds "9"]
[EventCountry "CAN"]
[EventCategory "2"]
[SourceTitle "The Week in Chess 1607"]
[Source "Mark Crowther"]
[SourceDate "2025.08.25"]
[SourceVersion "1"]
[SourceVersionDate "2025.08.25"]
[SourceQuality "2"]

1. d4 Nf6 2. c4 g6 3. Nc3 Bg7 4. e4 d6 5. h3 e5 6. dxe5 dxe5 7. Qxd8+ Kxd8 8. Bg5 h6 9. O-O-O+ Bd7 10. Be3 Nc6 11. Nf3 Kc8 12. g4 Be6 13. Kb1 Nd7 14. Rg1 Bf8 15. a3 a5 16. Na4 Ncb8 17. Bd3 Na6 18. Rd2 f6 19. Nh4 Rg8 20. Rgd1 Nac5 21. Bc2 Nxa4 22. Bxa4 c6 23. Bc2 g5 24. Nf5 Kc7 25. Nd6 Bxd6 26. Rxd6 Rge8 27. Bb3 a4 28. Ba2 c5 29. f3 b6 30. R6d2 h5 31. gxh5 Bxh3 32. Rh2 Be6 33. h6 Re7 34. b3 axb3 35. Bxb3 Rh7 36. Kb2 Nb8 37. Bd2 Nc6 38. Bc3 Rah8 39. Rdh1 Nd8 40. a4 Nf7 41. a5 Rxh6 42. Rxh6 Rxh6 43. axb6+ Kxb6 44. Rxh6 Nxh6 45. Kc2 Nf7 46. Kd3 Nd6 47. Bd2 Bd7 48. Be1 Bc6 49. Bc3 Be8 50. Bd1 Nb7 51. Be1 Bf7 52. Be2 Kc6 53. Bd1 Nd8 54. Ba5 Ne6 55. Ba4+ Kd6 56. Ke3 Nd4 57. Bd8 Bxc4 58. Bxf6 Be2 59. Bxg5 Bxf3 60. Bh6 c4 61. Bf8+ Ke6 62. Bc5 Nb3 63. Bxb3 1/2-1/2

[Event "Quebec-ch"]
[Site "Montreal CAN"]
[Date "2025.08.19"]
[Round "7.5"]
[White "Chiku-Ratte, Olivier-Kenta"]
[Black "Duong, Thanh Nha"]
[Result "1-0"]
[WhiteElo "2309"]
[BlackElo "2154"]
[WhiteFideId "-1"]
[WhiteFideId "-1"]
[PlyCount "79"]
[GameId "2214873076058170"]
[EventDate "2025.08.15"]
[EventType "tourn"]
[EventRounds "9"]
[EventCountry "CAN"]
[EventCategory "2"]
[SourceTitle "The Week in Chess 1607"]
[Source "Mark Crowther"]
[SourceDate "2025.08.25"]
[SourceVersion "1"]
[SourceVersionDate "2025.08.25"]
[SourceQuality "2"]

1. d4 Nf6 2. Nf3 e6 3. Bf4 c5 4. c3 Nc6 5. e3 Be7 6. h3 O-O 7. Bd3 d6 8. O-O Re8 9. Bh2 Bf8 10. Nbd2 b6 11. Re1 Bb7 12. e4 Rc8 13. a3 g6 14. Qe2 cxd4 15. cxd4 d5 16. e5 Nd7 17. h4 f6 18. h5 g5 19. exf6 Qxf6 20. Ne5 Ndxe5 21. dxe5 Qg7 22. Qg4 Nd8 23. Rac1 Bc6 24. Ba6 Rc7 25. Nf3 h6 26. b4 Bb7 27. Bd3 a5 28. Qd4 axb4 29. axb4 Nc6 30. Qxb6 Rec8 31. Bg3 Kh8 32. Rb1 Qe7 33. b5 Nb4 34. Bf1 Qd7 35. Nd4 Nc2 36. Nxe6 Nxe1 37. Nxf8 Rxf8 38. e6 Nf3+ 39. gxf3 Qh7 40. Qxc7 1-0

[Event "Quebec-ch"]
[Site "Montreal CAN"]
[Date "2025.08.20"]
[Round "8.1"]
[White "Migot, Tangi"]
[Black "Duong, Thanh Nha"]
[Result "0-1"]
[WhiteElo "2344"]
[BlackElo "2154"]
[WhiteFideId "-1"]
[WhiteFideId "-1"]
[PlyCount "68"]
[GameId "2214873076058171"]
[EventDate "2025.08.15"]
[EventType "tourn"]
[EventRounds "9"]
[EventCountry "CAN"]
[EventCategory "2"]
[SourceTitle "The Week in Chess 1607"]
[Source "Mark Crowther"]
[SourceDate "2025.08.25"]
[SourceVersion "1"]
[SourceVersionDate "2025.08.25"]
[SourceQuality "2"]

1. e4 e5 2. Nc3 Bb4 3. Qh5 Bxc3 4. dxc3 d6 5. Bd3 Nf6 6. Qh4 Be6 7. Ne2 Nbd7 8. f3 d5 9. exd5 Bxd5 10. Ng3 Qe7 11. Nf5 Qf8 12. Be3 Be6 13. O-O-O Nd5 14. Bd2 Ne7 15. g4 f6 16. Qf2 Nxf5 17. gxf5 Bxa2 18. Be4 Nc5 19. Be3 Nxe4 20. fxe4 b6 21. Qe2 a6 22. c4 Qb4 23. Qh5+ Ke7 24. Rhg1 Rag8 25. Rd2 Bxc4 26. Rdg2 Bf7 27. Qe2 g6 28. Bd2 Qa4 29. Bc3 Qa1+ 30. Kd2 Rd8+ 31. Ke3 Qa4 32. Qg4 Qc4 33. Rf2 g5 34. Rd1 Qc5+ 0-1

[Event "Quebec-ch"]
[Site "Montreal CAN"]
[Date "2025.08.20"]
[Round "8.2"]
[White "Sai, Krishna GV"]
[Black "Sambuev, Bator"]
[Result "1/2-1/2"]
[WhiteElo "2390"]
[BlackElo "2414"]
[WhiteFideId "-1"]
[WhiteFideId "-1"]
[PlyCount "181"]
[GameId "2214873076058172"]
[EventDate "2025.08.15"]
[EventType "tourn"]
[EventRounds "9"]
[EventCountry "CAN"]
[EventCategory "2"]
[SourceTitle "The Week in Chess 1607"]
[Source "Mark Crowther"]
[SourceDate "2025.08.25"]
[SourceVersion "1"]
[SourceVersionDate "2025.08.25"]
[SourceQuality "2"]

1. e4 e5 2. Nf3 Nc6 3. Bb5 a6 4. Ba4 g6 5. c3 Bg7 6. d4 exd4 7. cxd4 b5 8. Bb3 Nge7 9. d5 Na5 10. Bd2 Nxb3 11. Qxb3 c5 12. Bc3 f6 13. h4 d6 14. h5 gxh5 15. Rxh5 O-O 16. a3 Qe8 17. Rh2 a5 18. Kf1 Ba6 19. Kg1 b4 20. Be1 Qb5 21. Nbd2 Qd3 22. Rh3 f5 23. e5 Nxd5 24. Qa2 b3 25. Nxb3 c4 26. Nbd4 Nf4 27. Rg3 dxe5 28. Bc3 exd4 29. Nxd4 Qxg3 30. fxg3 Bxd4+ 31. Kh2 Bxc3 32. bxc3 Nd3 33. Qd2 Kh8 34. Rf1 Rf6 35. Qe3 Raf8 36. Qd4 Kg8 37. Qd5+ Kg7 38. Qd4 Kg6 39. Rb1 f4 40. Rb6 fxg3+ 41. Kxg3 Rxb6 42. Qxb6+ Rf6 43. Qxa5 Nf4 44. Qc7 Ne6 45. Qc6 Ng5 46. Qe8+ Kg7 47. a4 Nf7 48. Qd7 Rd6 49. Qa7 h6 50. a5 Kg6 51. Qe7 Rf6 52. Qe8 Rd6 53. Kh2 Kf6 54. Qe4 Ng5 55. Qf4+ Ke6 56. Qe3+ Kf5 57. Qc5+ Ke6 58. Qe3+ Kd7 59. Qa7+ Ke8 60. Qb8+ Ke7 61. Qa7+ Kf6 62. Qf2+ Kg6 63. Qf8 Re6 64. Qg8+ Kf5 65. Qf8+ Ke4 66. Qd8 Kf4 67. Qd2+ Kg4 68. Qd1+ Kf5 69. Qd5+ Kf6 70. Qd8+ Ke5 71. Qd4+ Kf5 72. Qd5+ Kg6 73. Qd7 Rf6 74. Qe8+ Kg7 75. Qe5 Nf7 76. Qd4 Nd6 77. Qa7+ Nb7 78. Qd4 Kf7 79. Qd7+ Kf8 80. Qc8+ Ke7 81. Qc7+ Ke8 82. Qe5+ Kf7 83. Qc7+ Ke6 84. Qb6+ Kf7 85. Qc7+ Kg8 86. Qg3+ Kh8 87. Qb8+ Kg7 88. Qc7+ Kg6 89. Qg3+ Kf5 90. Qf2+ Ke5 91. Qd4+ 1/2-1/2

[Event "Quebec-ch"]
[Site "Montreal CAN"]
[Date "2025.08.20"]
[Round "8.3"]
[White "Latorre, Vincent"]
[Black "Lesiege, Alexandre"]
[Result "1/2-1/2"]
[WhiteElo "2337"]
[BlackElo "2478"]
[WhiteFideId "-1"]
[WhiteFideId "-1"]
[PlyCount "99"]
[GameId "2214873076058173"]
[EventDate "2025.08.15"]
[EventType "tourn"]
[EventRounds "9"]
[EventCountry "CAN"]
[EventCategory "2"]
[SourceTitle "The Week in Chess 1607"]
[Source "Mark Crowther"]
[SourceDate "2025.08.25"]
[SourceVersion "1"]
[SourceVersionDate "2025.08.25"]
[SourceQuality "2"]

1. e4 c5 2. Nf3 d6 3. d4 cxd4 4. Nxd4 Nf6 5. Nc3 a6 6. Bg5 e6 7. f4 Qb6 8. Qd3 Qxb2 9. Rb1 Qa3 10. f5 Be7 11. fxe6 Bxe6 12. Rxb7 Qc5 13. Nxe6 fxe6 14. Bd2 Nbd7 15. Qh3 Qe5 16. Bd3 Rc8 17. O-O Rxc3 18. Bxc3 Qxc3 19. Rb8+ Nxb8 20. Bb5+ axb5 21. Qxc3 Nbd7 22. Qb3 Kf7 23. Qxb5 Nc5 24. Qe2 Ra8 25. e5 dxe5 26. Qxe5 Rxa2 27. g4 Ncd7 28. Qf4 h6 29. h4 g5 30. hxg5 hxg5 31. Qxg5 Bc5+ 32. Kh1 Rxc2 33. Qh6 Rf2 34. Rxf2 Bxf2 35. g5 Ne8 36. Qh5+ Ke7 37. Qh7+ Kd8 38. Qf7 Bh4 39. g6 Bf6 40. Qxe6 Bg7 41. Kg2 Ne5 42. Kf2 Bf6 43. Qg8 Ke7 44. Ke3 Bg7 45. Qh7 Kf6 46. Qg8 Nd6 47. Qd8+ Kf5 48. Qe7 Ndc4+ 49. Kf2 Kxg6 50. Qxg7+ 1/2-1/2

[Event "Quebec-ch"]
[Site "Montreal CAN"]
[Date "2025.08.20"]
[Round "8.4"]
[White "Lamontagne, Damien"]
[Black "Ouellet, Maili-Jade"]
[Result "0-1"]
[WhiteElo "1845"]
[BlackElo "2331"]
[WhiteFideId "-1"]
[WhiteFideId "-1"]
[PlyCount "81"]
[GameId "2214873076062270"]
[EventDate "2025.08.15"]
[EventType "tourn"]
[EventRounds "9"]
[EventCountry "CAN"]
[EventCategory "2"]
[SourceTitle "The Week in Chess 1607"]
[Source "Mark Crowther"]
[SourceDate "2025.08.25"]
[SourceVersion "1"]
[SourceVersionDate "2025.08.25"]
[SourceQuality "2"]

1. e4 c5 2. Nf3 Nc6 3. d4 cxd4 4. Nxd4 Nf6 5. Nc3 d6 6. Bg5 Bd7 7. Qd2 Rc8 8. O-O-O Nxd4 9. Qxd4 Qa5 10. Be3 a6 11. f3 h5 12. Kb1 e6 13. Be2 Be7 14. f4 Bc6 15. Bf3 O-O 16. e5 Bxf3 17. gxf3 dxe5 18. fxe5 Rfd8 19. Qf4 Nd5 20. Nxd5 Rxd5 21. Rxd5 Qxd5 22. Qg3 h4 23. Qf2 Qxe5 24. Bd4 Qf5 25. Rg1 f6 26. Qg2 Bf8 27. Bc3 b5 28. Qg4 Kf7 29. Qxf5 exf5 30. Kc1 Rd8 31. Rd1 Rxd1+ 32. Kxd1 h3 33. f4 Bc5 34. Be1 g5 35. Ke2 Ke6 36. Kf3 Kd5 37. Bc3 Bd4 38. Ba5 g4+ 39. Kg3 Bxb2 40. Bc7 Bc3 41. Bd8 0-1

[Event "Quebec-ch"]
[Site "Montreal CAN"]
[Date "2025.08.20"]
[Round "9.1"]
[White "Sambuev, Bator"]
[Black "Migot, Tangi"]
[Result "1-0"]
[WhiteElo "2414"]
[BlackElo "2344"]
[WhiteFideId "-1"]
[WhiteFideId "-1"]
[PlyCount "115"]
[GameId "2214873076062272"]
[EventDate "2025.08.15"]
[EventType "tourn"]
[EventRounds "9"]
[EventCountry "CAN"]
[EventCategory "2"]
[SourceTitle "The Week in Chess 1607"]
[Source "Mark Crowther"]
[SourceDate "2025.08.25"]
[SourceVersion "1"]
[SourceVersionDate "2025.08.25"]
[SourceQuality "2"]

1. c4 e6 2. Nc3 d5 3. d4 Nf6 4. cxd5 exd5 5. Bg5 c6 6. e3 h6 7. Bh4 Be7 8. Bd3 O-O 9. Nge2 Ne8 10. Bg3 Nd6 11. Qc2 Re8 12. O-O Bf8 13. Rae1 a5 14. Nf4 Na6 15. a3 b5 16. f3 Nc7 17. Qf2 b4 18. Na4 bxa3 19. bxa3 Bf5 20. Nc5 Bxd3 21. Nfxd3 Nc4 22. a4 Ne6 23. e4 Bxc5 24. Nxc5 Nxc5 25. dxc5 Qd7 26. Qd4 Rad8 27. h3 f6 28. Kh2 Qf7 29. exd5 Rxe1 30. Rxe1 Qxd5 31. Qc3 Qd4 32. Qb3 Qd3 33. Qb7 Qd7 34. Qxd7 Rxd7 35. Re6 Ne5 36. Bxe5 fxe5 37. Rxe5 Kf7 38. Kg3 Rd1 39. Kg4 Ra1 40. Kh5 g6+ 41. Kxh6 Rxa4 42. g3 Ra3 43. Rg5 Rxf3 44. Rxg6 a4 45. g4 a3 46. Rg7+ Kf8 47. Ra7 Rxh3+ 48. Kg6 Rc3 49. Kf6 Rf3+ 50. Ke6 Rd3 51. g5 Kg8 52. Ra6 Rd5 53. Kf6 Rd8 54. Rxa3 Rf8+ 55. Ke6 Rd8 56. Ra7 Rd5 57. Kf6 Rd8 58. Rc7 1-0

[Event "Quebec-ch"]
[Site "Montreal CAN"]
[Date "2025.08.20"]
[Round "9.2"]
[White "Ouellet, Maili-Jade"]
[Black "Sai, Krishna GV"]
[Result "0-1"]
[WhiteElo "2331"]
[BlackElo "2390"]
[WhiteFideId "-1"]
[WhiteFideId "-1"]
[PlyCount "90"]
[GameId "2214873076062273"]
[EventDate "2025.08.15"]
[EventType "tourn"]
[EventRounds "9"]
[EventCountry "CAN"]
[EventCategory "2"]
[SourceTitle "The Week in Chess 1607"]
[Source "Mark Crowther"]
[SourceDate "2025.08.25"]
[SourceVersion "1"]
[SourceVersionDate "2025.08.25"]
[SourceQuality "2"]

1. d4 Nf6 2. Nf3 g6 3. Nbd2 Bg7 4. e4 d6 5. Bd3 O-O 6. O-O Nc6 7. Re1 Nh5 8. Nc4 e5 9. dxe5 dxe5 10. g3 Bh3 11. c3 Qc8 12. Ne3 h6 13. Nd5 Kh8 14. Nh4 Rd8 15. Qf3 Be6 16. Be2 Rd6 17. Be3 Qd8 18. Rad1 Kh7 19. b4 Nf6 20. Nxf6+ Qxf6 21. Rxd6 cxd6 22. Rd1 Qe7 23. Rd2 Rc8 24. a4 a6 25. Bd3 Bf6 26. Bf1 Nb8 27. Ba7 Bg5 28. Rd3 Nd7 29. a5 Nf6 30. Qg2 Bc4 31. Rd1 Bxf1 32. Kxf1 Bxh4 33. gxh4 Rxc3 34. Bb8 Nh5 35. Qg4 Rc6 36. Qf3 Nf4 37. Qb3 Kg7 38. b5 axb5 39. Qa3 b4 40. Qb3 Qd8 41. Ba7 Qxh4 42. Qg3 Qh5 43. Re1 Rc3 44. Be3 b3 45. f3 b2 0-1

[Event "Quebec-ch"]
[Site "Montreal CAN"]
[Date "2025.08.20"]
[Round "9.3"]
[White "Lesiege, Alexandre"]
[Black "Lamontagne, Damien"]
[Result "1-0"]
[WhiteElo "2478"]
[BlackElo "1845"]
[WhiteFideId "-1"]
[WhiteFideId "-1"]
[PlyCount "74"]
[GameId "2214873076062274"]
[EventDate "2025.08.15"]
[EventType "tourn"]
[EventRounds "9"]
[EventCountry "CAN"]
[EventCategory "2"]
[SourceTitle "The Week in Chess 1607"]
[Source "Mark Crowther"]
[SourceDate "2025.08.25"]
[SourceVersion "1"]
[SourceVersionDate "2025.08.25"]
[SourceQuality "2"]

1. d4 Nf6 2. c4 e6 3. Nf3 c5 4. d5 d6 5. Nc3 exd5 6. cxd5 g6 7. Nd2 a6 8. a4 Nbd7 9. e4 Bg7 10. Be2 O-O 11. O-O Re8 12. h3 Qc7 13. Re1 Rb8 14. Qc2 b6 15. Nc4 b5 16. axb5 axb5 17. Na5 c4 18. Nc6 Rb6 19. Be3 Nc5 20. Bxc5 dxc5 21. e5 Nd7 22. f4 Bb7 23. Bf3 Nb8 24. d6 Qd7 25. Ne7+ Kh8 26. Bg4 Qd8 27. Ncd5 Ra6 28. Nc7 Rxa1 29. Rxa1 Rf8 30. Ra7 Bc6 31. Qf2 Bd7 32. Qxc5 Bh6 33. Qd4 Bg7 34. Bf3 Be8 35. Ra8 Bd7 36. Ra7 Nc6 37. Bg4 Nb8 1-0